[Event "Pan American-chT 9th"]
[Site "Campinas"]
[Date "2013.01.27"]
[Round "4.3"]
[White "Di Berardino, Diego Rafael"]
[Black "Rivera Kuzawka, Daniel"]
[Result "1/2-1/2"]
[WhiteElo "2495"]
[BlackElo "2336"]
[PlyCount "111"]
[EventDate "2013.01.24"]
[EventType "team-tourn"]
[EventRounds "6"]
[EventCountry "BRA"]
[SourceTitle "CBM 153"]
[Source "ChessBase"]
[SourceDate "2013.03.14"]
[SourceVersion "1"]
[SourceVersionDate "2013.03.14"]
[SourceQuality "1"]
[WhiteTeam "Brazil"]
[BlackTeam "Uruguay"]
[WhiteTeamCountry "BRA"]
[BlackTeamCountry "URU"]

1. c4 f5 2. g3 Nf6 3. Bg2 g6 4. Nc3 Bg7 5. Nf3 0-0 6. 0-0 d6 7. d3 e5 8. Rb1 h6 9. b4 g5 10. Qb3 Qe8 11. Nd5 Qf7 12. Bb2 c6 13. Nxf6+ Bxf6 14. Nd2 Kh7 15. e3 Nd7 16. f4 gxf4 17. exf4 exf4 18. Rxf4 Ne5 19. Re1 Bd7 20. Kh1 Rae8 21. Rff1 Ng4 22. Bxf6 Qxf6 23. Rxe8 Rxe8 24. Bf3 Ne3 25. Re1 Qd4 26. Bh5 Ng4 27. Rxe8 Bxe8 28. Bxg4 Qxg4 29. Nf1 Qe2 30. Kg1 Bh5 31. Qc3 f4 32. gxf4 Qg4+ 33. Ng3 Qd1+ 34. Kf2 Qf3+ 35. Kg1 Qe3+ 36. Kf1 Qxf4+ 37. Kg1 Qe3+ 38. Kg2 Qf3+ 39. Kg1 Qe3+ 40. Kg2 Qf3+ 41. Kg1 Qd1+ 42. Kf2 Qf3+ 43. Kg1 Qe3+ 44. Kg2 Bf3+ 45. Kf1 Bg4 46. Kg2 Qf3+ 47. Kg1 Bh3 48. Qd2 Kg6 49. Qe2 Qxe2 50. Nxe2 Bg4 51. Kf2 Bxe2 52. Kxe2 Kg5 53. Kf3 Kh4 54. Kg2 Kg4 55. Kf2 Kh3 56. Kg1 1/2-1/2

[Event "ESP-chT CECLUB Div2 Gp1"]
[Site "Padron"]
[Date "2011.08.12"]
[Round "4"]
[White "Sadusea, Johnny Fernando"]
[Black "Rivera Kuzawka, Daniel"]
[Result "0-1"]
[WhiteElo "2132"]
[BlackElo "2327"]
[PlyCount "108"]
[EventDate "2011.08.10"]
[EventType "team-swiss"]
[EventRounds "6"]
[EventCountry "ESP"]
[SourceTitle "CBM 143 Extra"]
[Source "ChessBase"]
[SourceDate "2011.08.29"]
[SourceVersion "1"]
[SourceVersionDate "2011.08.29"]
[SourceQuality "1"]
[WhiteTeam "Bilbao Haitzak"]
[BlackTeam "Vigo Universidad"]
[WhiteTeamCountry "ESP"]
[BlackTeamCountry "ESP"]

1. e4 c5 2. Nf3 d6 3. d4 Nf6 4. Nc3 cxd4 5. Nxd4 Nc6 6. Bg5 e6 7. Be2 Be7 8. Qd2 0-0 9. f4 Nxd4 10. Qxd4 Qa5 11. Qd2 h6 12. Bxf6 Bxf6 13. 0-0 a6 14. Kh1 Rd8 15. Rad1 Bxc3 16. Qxc3 Qxc3 17. bxc3 b5 18. c4 Bb7 19. Rd4 e5 20. Rd2 b4 21. Rfd1 Re8 22. fxe5 dxe5 23. Bf3 Bc6 24. Kg1 Rac8 25. a3 bxa3 26. Ra1 a5 27. Rxa3 a4 28. Kf2 Kf8 29. Ke3 Ke7 30. Bd1 Red8 31. Rdd3 Rb8 32. Be2 Rb4 33. Rac3 Rc8 34. Rd2 Ra8 35. Ra3 Ra5 36. g3 Rb1 37. Bd3 Re1+ 38. Re2 Rxe2+ 39. Bxe2 Kd6 40. Bd3 Kc5 41. Kd2 Kd4 42. Ke2 Ra7 43. Kd2 Ra8 44. g4 Bd7 45. h3 Be6 46. c3+ Kc5 47. Bc2 Bd7 48. Bd3 g5 49. Ke3 Ra7 50. Be2 f6 51. Kd2 Be6 52. Bd1 Bxc4 53. Rxa4 Rd7+ 54. Ke1 Rxd1+ 0-1

[Event "Pontevedra op 21st"]
[Site "Pontevedra"]
[Date "2008.08.18"]
[Round "9"]
[White "Ortiz Suarez, Isan Reynaldo"]
[Black "Rivera Kuzawka, Daniel"]
[Result "1-0"]
[WhiteElo "2392"]
[BlackElo "2322"]
[PlyCount "85"]
[EventDate "2008.08.10"]
[EventType "swiss"]
[EventRounds "9"]
[EventCountry "ESP"]
[SourceTitle "CBM 125 Extra"]
[Source "ChessBase"]
[SourceDate "2008.09.01"]
[SourceVersion "1"]
[SourceVersionDate "2008.09.01"]
[SourceQuality "1"]

1. e4 c5 2. Nf3 Nc6 3. d4 cxd4 4. Nxd4 Nf6 5. Nc3 e5 6. Ndb5 d6 7. Bg5 a6 8. Na3 Be6 9. Nc4 Rc8 10. Bxf6 gxf6 11. Ne3 Bh6 12. Ncd5 Bxe3 13. Nxe3 Qb6 14. Bd3 Qxb2 15. 0-0 Qd4 16. Qf3 Ke7 17. Rab1 b5 18. c4 Qc5 19. Qh5 b4 20. Kh1 Rhg8 21. Nd5+ Bxd5 22. exd5 Na5 23. f4 Qe3 24. Qf5 Qd2 25. Be4 Nxc4 26. fxe5 Nxe5 27. Qxf6+ Kd7 28. Bf5+ Ke8 29. Bh3 Rc2 30. Rbe1 Qxd5 31. Rf5 Rc5 32. Rf2 a5 33. Qh6 a4 34. Qxh7 Rf8 35. Qf5 Kd8 36. Qf6+ Ke8 37. Rff1 b3 38. axb3 axb3 39. Rd1 Nd3 40. Rd2 b2 41. Re2+ Qe5 42. Rxe5+ Rxe5 43. Qf3 1-0

[Event "Pontevedra op 21st"]
[Site "Pontevedra"]
[Date "2008.08.13"]
[Round "4"]
[White "Rivera Kuzawka, Daniel"]
[Black "Spassov, Liuben"]
[Result "1/2-1/2"]
[WhiteElo "2322"]
[BlackElo "2428"]
[PlyCount "43"]
[EventDate "2008.08.10"]
[EventType "swiss"]
[EventRounds "9"]
[EventCountry "ESP"]
[SourceTitle "CBM 125 Extra"]
[Source "ChessBase"]
[SourceDate "2008.09.01"]
[SourceVersion "1"]
[SourceVersionDate "2008.09.01"]
[SourceQuality "1"]

1. e4 c6 2. d4 d5 3. Nd2 dxe4 4. Nxe4 Bf5 5. Ng3 Bg6 6. h4 h6 7. Nf3 Nd7 8. h5 Bh7 9. Bd3 Bxd3 10. Qxd3 e6 11. Bd2 Ngf6 12. 0-0-0 Be7 13. Ne4 Nxe4 14. Qxe4 Nf6 15. Qe2 Qd5 16. c4 Qe4 17. Qxe4 Nxe4 18. Be3 f5 19. g3 Bg5 20. Rdg1 Rd8 21. Nxg5 Nxg5 22. Rd1 1/2-1/2

[Event "Pontevedra op 21st"]
[Site "Pontevedra"]
[Date "2008.08.12"]
[Round "3"]
[White "Villar Perez, Samuel"]
[Black "Rivera Kuzawka, Daniel"]
[Result "0-1"]
[WhiteElo "1937"]
[BlackElo "2322"]
[PlyCount "58"]
[EventDate "2008.08.10"]
[EventType "swiss"]
[EventRounds "9"]
[EventCountry "ESP"]
[SourceTitle "CBM 125 Extra"]
[Source "ChessBase"]
[SourceDate "2008.09.01"]
[SourceVersion "1"]
[SourceVersionDate "2008.09.01"]
[SourceQuality "1"]

1. Nf3 c5 2. c4 Nf6 3. d4 cxd4 4. Nxd4 e5 5. Nb5 d5 6. cxd5 Bc5 7. e3 0-0 8. N5c3 Re8 9. Bc4 a6 10. a4 e4 11. Nd2 Nbd7 12. Qc2 Qe7 13. b3 Ne5 14. Bb2 Bf5 15. 0-0 Rac8 16. Be2 Bb4 17. Nc4 Nd3 18. Bxd3 exd3 19. Qd1 Bxc3 20. Bxc3 Nxd5 21. Bb2 b5 22. axb5 axb5 23. Qh5 bxc4 24. Qxf5 c3 25. Qxd5 cxb2 26. Rab1 Red8 27. Qf3 Rc2 28. Rfd1 Qe5 29. Rxd3 Rc1+ 0-1

[Event "Burgas op 17th"]
[Site "Ourense"]
[Date "2008.07.10"]
[Round "8"]
[White "Rivera Kuzawka, Daniel"]
[Black "Ferreira, Jorge Viterbo"]
[Result "1-0"]
[WhiteElo "2322"]
[BlackElo "2002"]
[PlyCount "83"]
[EventDate "2008.07.03"]
[EventType "swiss"]
[EventRounds "9"]
[EventCountry "ESP"]
[SourceTitle "CBM 125 Extra"]
[Source "ChessBase"]
[SourceDate "2008.09.01"]
[SourceVersion "1"]
[SourceVersionDate "2008.09.01"]
[SourceQuality "1"]

1. e4 e5 2. Nf3 Nc6 3. Bb5 a6 4. Ba4 Nf6 5. 0-0 Be7 6. Re1 b5 7. Bb3 d6 8. c3 0-0 9. d4 Bg4 10. d5 Nb8 11. h3 Bxf3 12. Qxf3 c5 13. Nd2 Nbd7 14. Nf1 Re8 15. Ne3 g6 16. Bc2 a5 17. Bd2 Nb6 18. Bd3 c4 19. Bf1 Na4 20. Rab1 Nc5 21. Nc2 Nfd7 22. b3 cxb3 23. axb3 a4 24. b4 Nb3 25. Be3 Rc8 26. Bxb5 Rxc3 27. Qd1 a3 28. Ba4 Nd4 29. Nxd4 exd4 30. Bxd4 Rc4 31. Ba1 a2 32. Rb3 Bg5 33. Qd3 Rexe4 34. Qxe4 Rxe4 35. Rxe4 Bf6 36. Re1 Bxa1 37. Rxa1 Nb6 38. Bc6 Qg5 39. Rb2 Nxd5 40. Bxd5 Qxd5 41. b5 Qb7 42. b6 1-0

[Event "Mondariz op 5th"]
[Site "Mondariz"]
[Date "2007.08.29"]
[Round "5"]
[White "Fernandez Lago, David"]
[Black "Rivera Kuzawka, Daniel"]
[Result "1/2-1/2"]
[WhiteElo "2026"]
[BlackElo "2340"]
[PlyCount "26"]
[EventDate "2007.08.25"]
[EventType "swiss"]
[EventRounds "9"]
[EventCountry "ESP"]
[SourceTitle "CBM 120 Extra"]
[Source "ChessBase"]
[SourceDate "2007.11.01"]
[SourceVersion "1"]
[SourceVersionDate "2007.11.01"]
[SourceQuality "1"]

1. e4 e6 2. d4 d5 3. Nc3 Bb4 4. e5 Ne7 5. Qg4 c5 6. a3 Bxc3+ 7. bxc3 Qc7 8. Bd3 cxd4 9. Ne2 Nbc6 10. cxd4 Bd7 11. 0-0 0-0-0 12. a4 f6 13. f4 Nf5 1/2-1/2

[Event "Mondariz op 5th"]
[Site "Mondariz"]
[Date "2007.08.28"]
[Round "4"]
[White "Rivera Kuzawka, Daniel"]
[Black "Berbatov, Kiprian"]
[Result "1-0"]
[WhiteElo "2340"]
[BlackElo "2096"]
[PlyCount "57"]
[EventDate "2007.08.25"]
[EventType "swiss"]
[EventRounds "9"]
[EventCountry "ESP"]
[SourceTitle "CBM 120 Extra"]
[Source "ChessBase"]
[SourceDate "2007.11.01"]
[SourceVersion "1"]
[SourceVersionDate "2007.11.01"]
[SourceQuality "1"]

1. e4 c5 2. Nc3 d6 3. g3 g6 4. Bg2 Bg7 5. d3 Nc6 6. f4 e6 7. Nf3 Nge7 8. 0-0 0-0 9. Be3 Nd4 10. Bf2 Nec6 11. Nxd4 Nxd4 12. e5 dxe5 13. fxe5 Bxe5 14. Ne4 f5 15. Nxc5 Qc7 16. b4 f4 17. c3 Nf5 18. g4 f3 19. Bxf3 Bxh2+ 20. Kg2 Ne7 21. Qe2 Be5 22. Rae1 Bxc3 23. Nxe6 Bxe6 24. Qxe6+ Rf7 25. Bg3 Qb6 26. Bd5 Qxe6 27. Bxe6 Raf8 28. Rxf7 Rxf7 29. Rf1 1-0

[Event "ESP-chT CECLUB Norte Div 1"]
[Site "Sabadell"]
[Date "2007.08.16"]
[Round "2"]
[White "Jansa, Vlastimil"]
[Black "Rivera Kuzawka, Daniel"]
[Result "1/2-1/2"]
[WhiteElo "2494"]
[BlackElo "2340"]
[PlyCount "54"]
[EventDate "2007.08.15"]
[EventType "team"]
[EventRounds "6"]
[EventCountry "ESP"]
[SourceTitle "CBM 119 Extra"]
[Source "ChessBase"]
[SourceDate "2007.09.04"]
[SourceVersion "1"]
[SourceVersionDate "2007.09.04"]
[SourceQuality "1"]

1. e4 c5 2. Nf3 e6 3. Nc3 Nc6 4. d4 cxd4 5. Nxd4 Nf6 6. g3 d5 7. Bg2 dxe4 8. Nxc6 Qxd1+ 9. Kxd1 bxc6 10. Nxe4 Nxe4 11. Bxe4 Bb7 12. c3 0-0-0+ 13. Kc2 Bc5 14. Be3 Bxe3 15. fxe3 c5 16. Bxb7+ Kxb7 17. Rad1 Kc6 18. Rhf1 f5 19. Rf4 g5 20. Ra4 Kb6 21. b4 Rxd1 22. Kxd1 Rd8+ 23. Kc2 c4 24. Ra5 Rd5 25. Rxd5 exd5 26. a4 a5 27. b5 g4 1/2-1/2

[Event "Calvia op 3rd"]
[Site "Calvia"]
[Date "2006.10.26"]
[Round "7"]
[White "Heberla, Bartlomiej"]
[Black "Rivera Kuzawka, Daniel"]
[Result "1-0"]
[WhiteElo "2569"]
[BlackElo "2309"]
[PlyCount "63"]
[EventDate "2006.10.20"]
[EventType "swiss"]
[EventRounds "9"]
[EventCountry "ESP"]
[SourceTitle "EXT 2007"]
[Source "ChessBase"]
[SourceDate "2006.11.23"]
[SourceVersion "1"]
[SourceVersionDate "2006.11.23"]
[SourceQuality "1"]

1. e4 e6 2. d4 d5 3. Nc3 Nf6 4. e5 Nfd7 5. f4 c5 6. Nf3 Nc6 7. Be3 cxd4 8. Nxd4 Bc5 9. Qd2 a6 10. 0-0-0 0-0 11. Nb3 Bxe3 12. Qxe3 b5 13. Bd3 b4 14. Ne2 a5 15. Qh3 h6 16. Bb5 Qc7 17. Bxc6 Qxc6 18. Nbd4 Qc7 19. Ng3 Nc5 20. Nh5 Ne4 21. Rhe1 a4 22. Rd3 b3 23. a3 Ba6 24. Rg3 Nxg3 25. Qxg3 g6 26. c3 Qc4 27. Nxe6 Rfc8 28. Nf6+ Kh8 29. Qh4 Qxc3+ 30. bxc3 Rxc3+ 31. Kb2 Rc2+ 32. Kb1 1-0

[Event "Calvia op 3rd"]
[Site "Calvia"]
[Date "2006.10.25"]
[Round "6"]
[White "Rivera Kuzawka, Daniel"]
[Black "Suba, Mihai"]
[Result "1-0"]
[WhiteElo "2309"]
[BlackElo "2535"]
[PlyCount "85"]
[EventDate "2006.10.20"]
[EventType "swiss"]
[EventRounds "9"]
[EventCountry "ESP"]
[SourceTitle "EXT 2007"]
[Source "ChessBase"]
[SourceDate "2006.11.23"]
[SourceVersion "1"]
[SourceVersionDate "2006.11.23"]
[SourceQuality "1"]

1. e4 c5 2. Nf3 d6 3. d4 Nf6 4. Nc3 cxd4 5. Nxd4 e6 6. Be2 a6 7. a4 Qc7 8. 0-0 Be7 9. f4 0-0 10. Kh1 b6 11. Bf3 Bb7 12. e5 dxe5 13. fxe5 Nfd7 14. Bxb7 Qxb7 15. Bf4 Nc6 16. Qf3 Rfc8 17. Rad1 Nf8 18. Be3 Nd8 19. Qh5 Ng6 20. Nf3 Rc4 21. Rd3 Rac8 22. Rfd1 h6 23. Rd7 R4c7 24. R7d4 Nc6 25. Rg4 Rd7 26. Rf1 Bf8 27. Ne4 Rcd8 28. Rxg6 fxg6 29. Qxg6 Rf7 30. Nf6+ Rxf6 31. exf6 Qf7 32. Qxf7+ Kxf7 33. fxg7 Kxg7 34. Bxb6 Rd5 35. Re1 Bc5 36. c4 Rf5 37. g4 Rxf3 38. Bxc5 e5 39. b4 Rc3 40. Re4 Kf7 41. Be3 Nd4 42. Rxe5 Nc2 43. Bd2 1-0

[Event "Calvia op 3rd"]
[Site "Calvia"]
[Date "2006.10.24"]
[Round "5"]
[White "Hoenick, Andreas"]
[Black "Rivera Kuzawka, Daniel"]
[Result "0-1"]
[WhiteElo "2177"]
[BlackElo "2309"]
[PlyCount "56"]
[EventDate "2006.10.20"]
[EventType "swiss"]
[EventRounds "9"]
[EventCountry "ESP"]
[SourceTitle "EXT 2007"]
[Source "ChessBase"]
[SourceDate "2006.11.23"]
[SourceVersion "1"]
[SourceVersionDate "2006.11.23"]
[SourceQuality "1"]

1. d4 e6 2. c4 f5 3. Nf3 Nf6 4. e3 b6 5. Bd3 Bb7 6. 0-0 Be7 7. b3 0-0 8. Bb2 Ne4 9. Nc3 Qe8 10. Nd2 Qg6 11. f3 Nxc3 12. Bxc3 c5 13. Qe2 cxd4 14. exd4 Nc6 15. f4 Bd6 16. Qf2 Bxf4 17. Qxf4 Nb4 18. d5 Nxd3 19. Qd4 Nc5 20. Rf3 d6 21. Raf1 e5 22. Qf2 f4 23. Kh1 Bc8 24. b4 Ne4 25. Qe2 Bf5 26. Re1 Nxd2 27. Qxd2 Rac8 28. Qe2 Bg4 0-1

[Event "Mondariz op 4th"]
[Site "Mondariz"]
[Date "2006.08.29"]
[Round "8.5"]
[White "Starostits, Ilmars"]
[Black "Rivera Kuzawka, Daniel"]
[Result "1/2-1/2"]
[WhiteElo "2445"]
[BlackElo "2308"]
[PlyCount "44"]
[EventDate "2006.08.22"]
[EventType "swiss"]
[EventRounds "9"]
[EventCountry "ESP"]
[SourceTitle "EXT 2007"]
[Source "ChessBase"]
[SourceDate "2006.11.23"]
[SourceVersion "1"]
[SourceVersionDate "2006.11.23"]
[SourceQuality "1"]

1. e4 c5 2. Nc3 Nc6 3. g3 g6 4. Bg2 Bg7 5. d3 d6 6. f4 e5 7. Nh3 Nge7 8. 0-0 0-0 9. f5 gxf5 10. exf5 Bxf5 11. Rxf5 Nxf5 12. Be4 Nh4 13. gxh4 Qxh4 14. Bg2 Bh6 15. Ne4 Bxc1 16. Rxc1 f5 17. Neg5 Kh8 18. c3 Rf6 19. Qb3 Rg8 20. Nf7+ Rxf7 21. Qxf7 Qg4 22. Qf6+ Rg7 1/2-1/2

[Event "Mondariz op 4th"]
[Site "Mondariz"]
[Date "2006.08.22"]
[Round "1.10"]
[White "Rivera Kuzawka, Daniel"]
[Black "Otero Nogueira, Brais"]
[Result "1-0"]
[WhiteElo "2308"]
[BlackElo "1811"]
[PlyCount "45"]
[EventDate "2006.08.22"]
[EventType "swiss"]
[EventRounds "9"]
[EventCountry "ESP"]
[SourceTitle "EXT 2007"]
[Source "ChessBase"]
[SourceDate "2006.11.23"]
[SourceVersion "1"]
[SourceVersionDate "2006.11.23"]
[SourceQuality "1"]

1. e4 c5 2. Nc3 Nc6 3. Nf3 g6 4. d4 cxd4 5. Nxd4 Bg7 6. Nb3 Nf6 7. g4 d6 8. g5 Nd7 9. h4 Nb6 10. h5 Rg8 11. Nd5 Nxd5 12. exd5 Ne5 13. hxg6 hxg6 14. Be3 Qc7 15. Bd4 Bg4 16. Be2 Bxe2 17. Qxe2 a6 18. Rh7 f6 19. f4 Nd7 20. 0-0-0 Kf8 21. Re1 Re8 22. Bc3 f5 23. Qe6 1-0

[Event "Pardubice op-A"]
[Site "Pardubice"]
[Date "2006.07.24"]
[Round "4"]
[White "Rivera Kuzawka, Daniel"]
[Black "Kavcic, Zan"]
[Result "0-1"]
[WhiteElo "2308"]
[BlackElo "2201"]
[PlyCount "68"]
[EventDate "2006.07.21"]
[EventType "swiss"]
[EventRounds "9"]
[EventCountry "CZE"]
[SourceTitle "CBM 113 Extra"]
[Source "ChessBase"]
[SourceDate "2006.09.14"]
[SourceVersion "1"]
[SourceVersionDate "2006.09.14"]
[SourceQuality "1"]

1. e4 c5 2. Nc3 Nc6 3. Nf3 d6 4. d4 cxd4 5. Nxd4 Nf6 6. Be2 e5 7. Nf3 h6 8. 0-0 Be7 9. Re1 0-0 10. h3 Be6 11. Bf1 Nb8 12. b3 Nbd7 13. Bb2 Qc7 14. Nd2 a6 15. a4 Rac8 16. Qf3 Nh7 17. Nc4 Nc5 18. a5 f5 19. exf5 Rxf5 20. Nd5 Qd8 21. Qd1 Rc6 22. Nce3 Rf8 23. Nxe7+ Qxe7 24. Bc4 Qh4 25. Re2 Ng5 26. Ba3 Kh8 27. Bxc5 dxc5 28. Ra4 e4 29. Rd2 Nxh3+ 30. gxh3 Bxh3 31. Bf1 Rg6+ 32. Bg2 Bxg2 33. Nxg2 Qg5 34. f4 exf3 0-1

[Event "Pardubice op-A"]
[Site "Pardubice"]
[Date "2006.07.21"]
[Round "1"]
[White "Jedynak, Radoslaw"]
[Black "Rivera Kuzawka, Daniel"]
[Result "1-0"]
[WhiteElo "2519"]
[BlackElo "2308"]
[PlyCount "81"]
[EventDate "2006.07.21"]
[EventType "swiss"]
[EventRounds "9"]
[EventCountry "CZE"]
[SourceTitle "CBM 113 Extra"]
[Source "ChessBase"]
[SourceDate "2006.09.14"]
[SourceVersion "1"]
[SourceVersionDate "2006.09.14"]
[SourceQuality "1"]

1. d4 e6 2. c4 f5 3. Nf3 Nf6 4. g3 d5 5. b3 c6 6. Bg2 Bd6 7. 0-0 0-0 8. Ba3 Bxa3 9. Nxa3 Bd7 10. Nc2 Be8 11. Nce1 Nbd7 12. Nd3 Bh5 13. c5 Qe7 14. b4 Ng4 15. Qb3 e5 16. h3 e4 17. hxg4 fxg4 18. Nd2 exd3 19. e4 Qg5 20. Rad1 Bf7 21. e5 Qg6 22. Nb1 Be6 23. Qxd3 Bf5 24. Qe3 a6 25. Nc3 Be6 26. Ne2 Rf5 27. Nf4 Qf7 28. f3 gxf3 29. Bh3 Rxf4 30. Bxe6 Qxe6 31. Qxf4 Rf8 32. Qh4 Qf5 33. Rd2 g5 34. Qh5 g4 35. Qh6 Re8 36. Rh2 Nf8 37. Rh4 Re7 38. Qf4 Qxf4 39. gxf4 Rg7 40. f5 Rg5 41. e6 1-0

[Event "Ortigueira op 3rd"]
[Site "Ortigueira"]
[Date "2004.08.11"]
[Round "9"]
[White "Rivera Kuzawka, Daniel"]
[Black "Baron Rodriguez, Jesus"]
[Result "1/2-1/2"]
[WhiteElo "2307"]
[BlackElo "2409"]
[PlyCount "34"]
[EventDate "2004.08.03"]
[EventType "swiss"]
[EventRounds "9"]
[EventCountry "ESP"]
[SourceTitle "CBM 101 Extra"]
[Source "ChessBase"]
[SourceDate "2004.09.01"]
[SourceVersion "2"]
[SourceVersionDate "2004.09.01"]
[SourceQuality "1"]

1. e4 e5 2. Nf3 Nc6 3. Bb5 a6 4. Ba4 Nf6 5. 0-0 Be7 6. Re1 b5 7. Bb3 d6 8. c3 0-0 9. h3 Na5 10. Bc2 c5 11. d4 Qc7 12. Nbd2 Rd8 13. d5 c4 14. Nf1 Nb7 15. Bd2 Nc5 16. b4 cxb3 17. axb3 Bd7 1/2-1/2

[Event "Ortigueira op 3rd"]
[Site "Ortigueira"]
[Date "2004.08.09"]
[Round "7"]
[White "Rivera Kuzawka, Daniel"]
[Black "Franco Ocampos, Zenon"]
[Result "1-0"]
[WhiteElo "2307"]
[BlackElo "2542"]
[PlyCount "117"]
[EventDate "2004.08.03"]
[EventType "swiss"]
[EventRounds "9"]
[EventCountry "ESP"]
[SourceTitle "CBM 101 Extra"]
[Source "ChessBase"]
[SourceDate "2004.09.01"]
[SourceVersion "2"]
[SourceVersionDate "2004.09.01"]
[SourceQuality "1"]

1. e4 d6 2. d4 Nf6 3. Nc3 g6 4. f4 Bg7 5. Nf3 c5 6. Bb5+ Bd7 7. e5 Ng4 8. Bxd7+ Qxd7 9. d5 dxe5 10. h3 e4 11. hxg4 exf3 12. Qxf3 Na6 13. Bd2 Nb4 14. 0-0-0 0-0-0 15. Ne4 Qa4 16. Bxb4 Qxb4 17. c3 Qc4 18. d6 f5 19. gxf5 gxf5 20. dxe7 Rxd1+ 21. Kxd1 Qa4+ 22. Kc1 fxe4 23. Qg4+ Qd7 24. Qxg7 Re8 25. Qxh7 Rxe7 26. Qh3 Rg7 27. f5 Kc7 28. f6 Qxh3 29. gxh3 Rf7 30. Rf1 Kd7 31. Rf4 e3 32. Rf3 b6 33. Kd1 Ke8 34. Ke2 Rh7 35. Kxe3 Rh4 36. Kf2 Kf7 37. Kg3 Re4 38. h4 Re1 39. Rf2 Re3+ 40. Kg4 Re4+ 41. Kf5 Rxh4 42. Rg2 Rh5+ 43. Rg5 Rh2 44. Rg7+ Kf8 45. Rxa7 Rxb2 46. Ra8+ Kf7 47. Ra7+ Kf8 48. a4 Rc2 49. Ra8+ Kf7 50. Ra7+ Kf8 51. Ke6 Re2+ 52. Kd5 Rf2 53. Ke6 Re2+ 54. Kd5 Rf2 55. f7 Rf4 56. Kc6 Rc4 57. Kxb6 Rxc3 58. Rc7 c4 59. Kb5 1-0

[Event "Ortigueira op 3rd"]
[Site "Ortigueira"]
[Date "2004.08.08"]
[Round "6"]
[White "Nanu, Ciprian Costica"]
[Black "Rivera Kuzawka, Daniel"]
[Result "1/2-1/2"]
[WhiteElo "2505"]
[BlackElo "2307"]
[PlyCount "56"]
[EventDate "2004.08.03"]
[EventType "swiss"]
[EventRounds "9"]
[EventCountry "ESP"]
[SourceTitle "CBM 101 Extra"]
[Source "ChessBase"]
[SourceDate "2004.09.01"]
[SourceVersion "2"]
[SourceVersionDate "2004.09.01"]
[SourceQuality "1"]

1. e4 c5 2. Nf3 Nc6 3. Bb5 g6 4. Bxc6 bxc6 5. 0-0 Bg7 6. Re1 Nf6 7. Nc3 0-0 8. e5 Nd5 9. Ne4 d6 10. exd6 exd6 11. d3 f5 12. Ned2 h6 13. c4 Nc7 14. Nb3 g5 15. Nfd2 Ne6 16. Nf1 Bd7 17. Ng3 Be5 18. Nh5 f4 19. Nxc5 dxc5 20. Rxe5 Nd4 21. h4 Qc8 22. Qe1 Bg4 23. Rxg5+ hxg5 24. Qe7 Bxh5 25. Qxg5+ Kf7 26. Qxh5+ Kg7 27. Qg5+ Kh7 28. Qh5+ Kg7 1/2-1/2

[Event "Ortigueira op 3rd"]
[Site "Ortigueira"]
[Date "2004.08.07"]
[Round "4"]
[White "Cortes Lizano, Jesus"]
[Black "Rivera Kuzawka, Daniel"]
[Result "0-1"]
[WhiteElo "2113"]
[BlackElo "2307"]
[PlyCount "44"]
[EventDate "2004.08.03"]
[EventType "swiss"]
[EventRounds "9"]
[EventCountry "ESP"]
[SourceTitle "CBM 101 Extra"]
[Source "ChessBase"]
[SourceDate "2004.09.01"]
[SourceVersion "2"]
[SourceVersionDate "2004.09.01"]
[SourceQuality "1"]

1. e4 c5 2. Nf3 Nc6 3. d4 cxd4 4. Nxd4 Nf6 5. Nc3 d6 6. f3 e5 7. Nb3 Be7 8. Be3 0-0 9. Qd2 a5 10. Qf2 a4 11. Nd2 a3 12. Bb6 axb2 13. Rb1 Qe8 14. Rxb2 d5 15. Bb5 Bd7 16. 0-0 d4 17. Ne2 Nb4 18. Bd3 Bb5 19. Bxb5 Qxb5 20. Rfb1 Rfc8 21. f4 Qxb6 22. c3 Ng4 0-1

[Event "Poio op 3rd"]
[Site "Poio"]
[Date "2003.09.05"]
[Round "6.6"]
[White "Rivera Kuzawka, Daniel"]
[Black "Pena Gomez, Manuel"]
[Result "1-0"]
[WhiteElo "2326"]
[BlackElo "2078"]
[PlyCount "108"]
[EventDate "2003.08.31"]
[EventType "swiss"]
[EventRounds "9"]
[EventCountry "ESP"]
[SourceTitle "EXT 2004"]
[Source "ChessBase"]
[SourceDate "2003.11.25"]
[SourceVersion "1"]
[SourceVersionDate "2003.11.25"]
[SourceQuality "1"]

1. e4 c5 2. Nf3 d6 3. d4 cxd4 4. Nxd4 Nf6 5. Nc3 a6 6. Be2 e6 7. 0-0 Be7 8. a4 Nc6 9. Be3 0-0 10. f4 Qc7 11. Kh1 Re8 12. Bf3 Rb8 13. g4 Nxd4 14. Bxd4 e5 15. fxe5 dxe5 16. Ba7 Ra8 17. g5 Rd8 18. Qe2 Ne8 19. Be3 Be6 20. Bg4 Nd6 21. Bxe6 fxe6 22. g6 hxg6 23. Qg4 Qc4 24. Qxg6 Rf8 25. Rg1 Rf7 26. Rg3 Ne8 27. Rag1 Rf1 28. Rh3 Rxg1+ 29. Kxg1 Nf6 30. Bh6 Ne8 31. Rf3 Kh8 32. Rh3 Kg8 33. Rf3 Kh8 34. Rf7 Qc5+ 35. Kg2 Bf6 36. Be3 Qd6 37. Rxb7 Qc6 38. Qh5+ Kg8 39. Qf7+ Kh8 40. Qh5+ Kg8 41. Qf7+ Kh8 42. Rb6 Qc8 43. Qxe6 Qc7 44. Rc6 Qd8 45. Qd5 Qe7 46. Bc5 Qb7 47. Bb6 Qe7 48. Rxf6 Rb8 49. Rg6 Nf6 50. Qc5 Qf7 51. Rg5 Nd7 52. Qd5 Qxd5 53. Nxd5 Nxb6 54. Ne7 Nc4 1-0

[Event "Poio op 3rd"]
[Site "Poio"]
[Date "2003.09.04"]
[Round "5.6"]
[White "Pita Romero Rodriguez, Rafael"]
[Black "Rivera Kuzawka, Daniel"]
[Result "1/2-1/2"]
[WhiteElo "2112"]
[BlackElo "2326"]
[PlyCount "166"]
[EventDate "2003.08.31"]
[EventType "swiss"]
[EventRounds "9"]
[EventCountry "ESP"]
[SourceTitle "EXT 2004"]
[Source "ChessBase"]
[SourceDate "2003.11.25"]
[SourceVersion "1"]
[SourceVersionDate "2003.11.25"]
[SourceQuality "1"]

1. e4 c5 2. Nc3 e6 3. f4 a6 4. Nf3 Nc6 5. g3 f6 6. Bg2 Nh6 7. 0-0 Be7 8. a4 0-0 9. Ne1 Rb8 10. d3 b5 11. Qh5 Nf7 12. Be3 Nd4 13. axb5 axb5 14. Nb1 Bb7 15. Nd2 Qc7 16. c3 Nc6 17. Nc2 Ra8 18. Na3 Ra5 19. Nb3 Raa8 20. Bxc5 g6 21. Qe2 b4 22. Nc4 bxc3 23. bxc3 Ba6 24. Bb6 Qb8 25. Nbd2 Nd6 26. Rab1 Nb5 27. Rb3 Qc8 28. Bf2 Qc7 29. Bb6 Qc8 30. Rfb1 Nd6 31. Nxd6 Bxd6 32. c4 Rb8 33. Qe3 e5 34. c5 Be7 35. Bh3 Nd4 36. Rc3 Rxb6 37. Rxb6 Bxc5 38. Rxc5 Qxc5 39. Rxa6 Rb8 40. Ra1 Rb5 41. Ra8+ Kg7 42. Ra2 exf4 43. gxf4 Ne2+ 44. Kf2 Nxf4 45. Qxc5 Nxh3+ 46. Kg3 Rxc5 47. Kxh3 Rc3 48. Kg2 Rxd3 49. Kf2 d5 50. exd5 Rxd5 51. Ra7+ Kh6 52. Ne4 Rf5+ 53. Kg3 g5 54. Nd6 Rf4 55. Ne8 Rf1 56. Rf7 Kg6 57. Rg7+ Kf5 58. Rxh7 Rg1+ 59. Kf2 Ra1 60. Rh6 Ra6 61. Ng7+ Ke5 62. Kg3 Ra4 63. Rh8 Ra3+ 64. Kf2 Ra2+ 65. Kf3 Ra3+ 66. Ke2 Ra2+ 67. Kd3 Ra3+ 68. Kd2 Ra2+ 69. Ke3 g4 70. Kd3 Kf4 71. Nh5+ Kg5 72. Ng3 f5 73. Rh5+ Kg6 74. Rh8 Kg5 75. Rg8+ Kf4 76. Ne2+ Kf3 77. Nd4+ Kf4 78. Rh8 Ra3+ 79. Ke2 Ra2+ 80. Ke1 Ra1+ 81. Kf2 Ra3 82. Ne2+ Kg5 83. Rg8+ Kf6 1/2-1/2